Normal view
MARC view
Entry Personal Name
001 - CONTROL NUMBER
- control field: 69059
003 - CONTROL NUMBER IDENTIFIER
- control field: OSt
005 - DATE AND TIME OF LATEST TRANSACTION
- control field: 20170908154125.0
008 - FIXED-LENGTH DATA ELEMENTS
- fixed length control field: 170908|| aca||aabn | a|a d
040 ## - CATALOGING SOURCE
- Original cataloging agency: OSt
- Transcribing agency: OSt
100 ## - HEADING--PERSONAL NAME
- Personal name: राय,गोपाल
670 ## - SOURCE DATA FOUND
- Source citation: Work cat.: (OSt): राय,गोपाल , हिन्दी कहानी का इतिहास , 2016









